Wappen der deutschen Bundesländer - Statistiken

Allgemein
  • Dieses Quiz wurde 919 mal gespielt
  • Das Durchschnittsergebnis liegt bei 15 aus 16
Antwortstatistiken
Bildquiz Antwort % Korrekt
Berlin
99%
Bayern
98%
Sachsen
97%
Bremen
96%
Hamburg
96%
Baden-Württemberg
94%
Niedersachsen
94%
Nordrhein-Westfalen
94%
Sachsen-Anhalt
94%
Hessen
93%
Thüringen
93%
Brandenburg
92%
Saarland
92%
Rheinland-Pfalz
91%
Mecklenburg-Vorpommern
90%
Schleswig-Holstein
90%
Keine übereinstimmenden Quizze gefunden
Verteilung der Resultate
Anzahl Personen mit jedem Resultat
Perzentil nach korrekt beantworteten Fragen
Ihre Resultats-Entwicklung
Sie haben dieses Quiz noch nicht gespielt